[Event "Olympiad w"]
[Site "Bled SLO"]
[Date "2002.10.31"]
[Round "6"]
[White "Koskoska,G"]
[Black "Agrest,S"]
[Result "1/2-1/2"]
[WhiteElo "2250"]
[BlackElo "2232"]

1.e4 d6 2.d4 Nf6 3.Nc3 e5 4.Nf3 Nbd7 5.Bc4 Be7 6.O-O O-O 7.Re1 Nb6 8.Bb3 exd4
9.Qxd4 Nfd7 10.Be3 Nc5 11.Qd2 Nxb3 12.axb3 Bg4 13.Nd4 Bf6 14.f4 Bd7 15.Qf2 Re8
16.Rad1 c6 17.Qf3 Qc7 18.g4 Bxd4 19.Bxd4 c5 20.Bf2 Bc6 21.g5 Rad8 22.Nd5 Bxd5
23.exd5 Qd7 24.Qd3 Qg4+ 25.Bg3 a6 26.Kg2 g6 27.h3 Qf5 28.Qxf5 gxf5 29.Kf3 Rxe1
30.Bxe1 Re8 31.Ba5 Nc8 32.c4 b6 33.Bc3 a5 34.h4 Re4 35.h5 Kf8 36.Rg1 Ne7
37.Ra1 Ke8 38.Bf6  1/2-1/2

[Event "Olympiad w"]
[Site "Bled SLO"]
[Date "2002.10.31"]
[Round "6"]
[White "Hagarova,Z"]
[Black "Sheremetieva,M"]
[Result "1-0"]
[WhiteElo "2333"]
[BlackElo "2329"]

1.e4 d6 2.d4 Nf6 3.Nc3 c6 4.f4 Qa5 5.Bd3 e5 6.Nf3 Nbd7 7.O-O exd4 8.Nxd4 g6
9.e5 Nd5 10.e6 N7f6 11.exf7+ Kxf7 12.f5 Kg7 13.Bg5 Be7 14.Qe2 Qc5 15.Nxd5 Nxd5
16.f6+ Kg8 17.fxe7 Qxd4+ 18.Be3 Qe5 19.Rf8+ Kg7 20.Bh6+  1-0

[Event "Olympiad w"]
[Site "Bled SLO"]
[Date "2002.10.31"]
[Round "6"]
[White "Peptan,C"]
[Black "Bojkovic,N"]
[Result "1-0"]
[WhiteElo "2479"]
[BlackElo "2424"]

1.e4 d6 2.d4 Nf6 3.Nc3 e5 4.Nf3 Nbd7 5.Bc4 Be7 6.O-O O-O 7.a4 c6 8.Re1 b6
9.Bg5 a6 10.Qe2 h6 11.Be3 Ng4 12.Bd2 Ngf6 13.dxe5 Nxe5 14.h3 Nxc4 15.Qxc4 c5
16.Bf4 Be6 17.Qd3 Qd7 18.Rad1 Rfd8 19.Rd2 Bf8 20.Red1 Qb7 21.Qe2 Qc7 22.Nh2 Qc6
23.e5 Ne8 24.Qf3 Qxf3 25.Nxf3 Rd7 26.exd6 Rad8 27.a5 bxa5 28.Ne4 g5 29.Bg3 Rb7
30.Nxc5 Rxb2 31.Be5 Rb5 32.Nxe6 fxe6 33.d7 Ng7 34.Bf6 Rbb8 35.Ne5 Bb4 36.Rd3  1-0

[Event "2nd Rohde Open"]
[Site "Sautron FRA"]
[Date "2002.10.31"]
[Round "6"]
[White "Grigore,N"]
[Black "Koziak,V"]
[Result "0-1"]
[WhiteElo "2397"]
[BlackElo "2459"]

1.e4 d6 2.d4 Nf6 3.Nc3 e5 4.Nf3 Nbd7 5.Bc4 Be7 6.O-O O-O 7.Re1 c6 8.a4 a5
9.dxe5 dxe5 10.h3 Qc7 11.Nh4 g6 12.Qf3 Nb6 13.Ba2 Kg7 14.g4 Nxg4 15.hxg4 Bxh4
16.Kg2 Qd8 17.Rh1 Bg5 18.Be3 Nd7 19.Rad1 Qe7 20.Rh2 h6 21.Rdh1 Nf6 22.Bxg5 hxg5
23.Qe3 Bxg4 24.Qxg5 Rh8 25.f4 exf4 26.Rxh8 Rxh8 27.Rxh8 Kxh8 28.e5 Nd5 29.Qh6+ Kg8
30.Bxd5 cxd5 31.Qxf4 Qe6 32.Nb5 Qf5 33.Kg3 Qxf4+ 34.Kxf4 Bd7 35.Nd6 b6 36.c4 d4
37.Ke4 Bxa4 38.Nc8 b5 39.c5 b4 40.Na7 g5 41.Kxd4 Bd7 42.c6 Be6 43.c7 a4 44.c8=Q+ Bxc8
45.Nxc8 a3 46.bxa3 bxa3 47.Kc3 g4 48.Ne7+ Kh7 49.Nd5 Kg6 50.Ne3 Kg5 51.Ng2 Kf5
52.Kb3 Kxe5 53.Kxa3 f5 54.Kb3 f4 55.Kc3 f3 56.Ne3 g3 57.Kd3 g2 58.Ng4+ Kd6  0-1

[Event "10th Chigorin Mem"]
[Site "St Petersburg RUS"]
[Date "2002.10.31"]
[Round "6"]
[White "Potkin,V"]
[Black "Ovetchkin,R"]
[Result "1-0"]
[WhiteElo "2495"]
[BlackElo "2573"]

1.e4 d6 2.d4 Nf6 3.Nc3 e5 4.Nf3 Nbd7 5.Bc4 Be7 6.O-O O-O 7.Re1 exd4 8.Nxd4 Nb6
9.Bf1 c5 10.Nf3 d5 11.e5 Ne8 12.a4 a5 13.h3 Nc7 14.Bf4 Bd7 15.b3 Bc6 16.Bg3 Ne6
17.Nb5 Bxb5 18.Bxb5 c4 19.Qe2 Qc7 20.Rad1 Bb4 21.Rf1 Qc5 22.h4 Rac8 23.Ng5 Nxg5
24.hxg5 cxb3 25.cxb3 Qc2 26.Qg4 Rc3 27.e6 Qe4 28.Qxe4 dxe4 29.Bd6 fxe6 30.Bxf8 Kxf8
31.Rfe1 Rxb3 32.Rxe4 Ke7 33.Rc1 Bd6 34.Rce1 e5 35.f4 Rb2 36.fxe5 Bc5+ 37.Kh1 Nd5
38.e6 b6 39.Rd1 Nc3 40.Rd7+ Ke8 41.Re1 Nxb5 42.e7 Nd6 43.Rd8+  1-0

[Event "Olympiad"]
[Site "Bled SLO"]
[Date "2002.11.01"]
[Round "7"]
[White "Lim Yee Weng"]
[Black "Mossong,H"]
[Result "1-0"]
[WhiteElo "2202"]
[BlackElo "2200"]

1.e4 d6 2.d4 Nf6 3.Nc3 c6 4.f4 Qa5 5.e5 Ne4 6.Qf3 Nxc3 7.Bd2 Qd5 8.Qxc3 Bg4
9.Nf3 Bxf3 10.gxf3 c5 11.Bc4 Qxd4 12.Qb3 d5 13.Bxd5 Nd7 14.Bxf7+ Kd8 15.O-O-O  1-0

[Event "3rd Weekend"]
[Site "Novara ITA"]
[Date "2002.11.01"]
[Round "1"]
[White "Trumpf,W"]
[Black "De Santis,A"]
[Result "0-1"]
[WhiteElo "2102"]
[BlackElo "2267"]

1.d4 d6 2.e4 Nf6 3.Nc3 c6 4.a4 g6 5.Be2 Bg7 6.Be3 h5 7.h3 Nbd7 8.Qd2 a5 9.f4 h4
10.Bf3 Nh5 11.Nge2 Rb8 12.e5 Nb6 13.b3 Bf5 14.Rd1 e6 15.Ne4 Bxe4 16.Bxe4 d5
17.Bf3 Nd7 18.O-O Bf8 19.c4 Bb4 20.Qd3 Ng7 21.Bg4 Nf8 22.cxd5 Qxd5 23.Bf3 Qd8
24.Nc3 Nf5 25.Ne4 Nxe3 26.Nf6+ Qxf6 27.exf6 Nxf1 28.Kxf1 Nd7 29.Bg4 Nf8 30.Qe4 Rd8
31.Qe5 Nd7 32.Qg5 Nb6 33.Bxe6 fxe6 34.Qxg6+ Kd7 35.Qf7+ Kc8 36.Qxe6+ Kc7
37.f7 Rhf8 38.Qe5+ Rd6 39.Qe7+ Nd7 40.Qxh4 Rxf7 41.Qg5 Rd5 42.Qh6 Rf6 43.Qh4 Rdf5
44.g3 Nb6 45.Ke2 Nd5 46.Rf1 Re6+ 47.Kd3 Re3+ 48.Kc2 Rf7 49.Rf2 Be1 50.Rg2 Nb4+
51.Kd1 Rfe7 52.f5 Bc3 53.Qxe7+ Rxe7 54.Re2 Rxe2 55.Kxe2 Bxd4  0-1

[Event "Olympiad w"]
[Site "Bled SLO"]
[Date "2002.11.02"]
[Round "8"]
[White "Ryvova,A"]
[Black "Khaziyeva,D"]
[Result "1/2-1/2"]
[WhiteElo "2002"]
[BlackElo "2102"]

1.e4 d6 2.d4 Nf6 3.Nc3 Nbd7 4.Nf3 e5 5.Be2 Be7 6.O-O O-O 7.h3 c6 8.dxe5 dxe5
9.a3 Qc7 10.Be3 Nc5 11.Bxc5 Bxc5 12.Bc4 b5 13.Bb3 Nh5 14.Ne2 Qe7 15.c3 Qf6
16.Kh2 g5 17.Qd2 h6 18.Ne1 g4 19.Nd3 Bb6 20.Rad1 gxh3 21.gxh3 Kh7 22.Bc2 Qh4
23.Ng1 f6 24.Ne1 Rg8 25.Nef3 Qf4+ 26.Qxf4 Nxf4 27.Rd6 Be6 28.Rxc6 Rg2+ 29.Kh1 Rxf2
30.Rxf2 Bxf2 31.Ne2 Bxh3 32.Nxf4 exf4 33.Rxf6 Be3 34.e5+ Kg7 35.Rg6+ Kf7
36.Rxh6 Bf1 37.Rh7+ Ke6 38.Rh6+ Kd7 39.Rh7+ Ke6 40.Rh6+ Kf7 41.Rh7+ Kg8 42.e6 Bc4
43.e7 Bd5 44.Kg2 Bc6 45.Rh6 Be8 46.Rd6 Bb6 47.Rf6 Bf7 48.Ne5 Bd5+ 49.Kf1 Bc5
50.Rg6+ Kh8 51.Rh6+ Kg7 52.Rg6+ Kh8 53.Rh6+ Kg7 54.Rg6+  1/2-1/2

[Event "Open"]
[Site "Le Touquet FRA"]
[Date "2002.11.02"]
[Round "9"]
[White "Therkildsen,T"]
[Black "Lacassagne,J"]
[Result "1-0"]
[WhiteElo "2124"]
[BlackElo "2027"]

1.e4 d6 2.d4 Nf6 3.Nc3 Nbd7 4.Nf3 e5 5.Bc4 Be7 6.Ng5 O-O 7.Bxf7+ Rxf7 8.Ne6 Qe8
9.Nxc7 Qd8 10.Nxa8 exd4 11.Qxd4 b6 12.Nb5 Nc5 13.Nxa7 Bb7 14.f3 Qxa8 15.Nb5 Qa5+
16.Nc3 Ne6 17.Qa4 Qc5 18.Qb5 Qd4 19.Ne2  1-0

[Event "3rd Weekend"]
[Site "Novara ITA"]
[Date "2002.11.02"]
[Round "3"]
[White "Aglietti,G"]
[Black "De Santis,A"]
[Result "1/2-1/2"]
[WhiteElo "2064"]
[BlackElo "2267"]

1.d4 d6 2.e4 Nf6 3.Nc3 c6 4.f4 Qa5 5.e5 Ne4 6.Bd2 Nxd2 7.Qxd2 g6 8.exd6 exd6
9.O-O-O Bg7 10.Qe3+ Be6 11.d5 cxd5 12.Rxd5 Qb6 13.Bb5+ Nc6 14.Qxb6 axb6 15.Rxd6 Ke7
16.Rd1 Bxc3 17.bxc3 Rxa2 18.Nf3 Bf5 19.Rhe1+ Kf6 20.Rd6+ Kg7 21.Bd3 Bxd3
22.Rxd3 Rc8 23.Rd7 h6 24.Re4 Ra3  1/2-1/2

[Event "10th Chigorin Mem"]
[Site "St Petersburg RUS"]
[Date "2002.11.02"]
[Round "8"]
[White "Palekha,A"]
[Black "Zablotsky,S"]
[Result "1/2-1/2"]
[WhiteElo "2409"]
[BlackElo "2391"]

1.e4 d6 2.d4 Nf6 3.Nc3 e5 4.f4 exd4 5.Qxd4 Nc6 6.Bb5 Bd7 7.Qd3 g6 8.Nf3 Bg7
9.O-O O-O 10.Bxc6 Bxc6 11.Nd4 Qd7 12.Bd2 Rae8 13.Rae1 a6 14.Kh1 b5 15.Nxc6 Qxc6
16.Nd5 Nxd5 17.exd5 Qa8 18.f5 Rxe1 19.Bxe1 Qd8 20.Bc3 Bxc3 21.Qxc3 Re8 22.f6 Re5
23.Qd2 Qa8 24.Qh6 Qf8 25.Qd2 Qa8  1/2-1/2

[Event "10th Chigorin Mem"]
[Site "St Petersburg RUS"]
[Date "2002.11.02"]
[Round "8"]
[White "Ulko,J"]
[Black "Tomashevsky,E"]
[Result "1-0"]
[WhiteElo "2472"]
[BlackElo "2444"]

1.d4 d6 2.e4 Nf6 3.Nc3 e5 4.Nf3 exd4 5.Nxd4 Be7 6.Qf3 O-O 7.Nf5 Bxf5 8.Qxf5 Qd7
9.Qxd7 Nbxd7 10.Be2 Rfe8 11.Bf4 Bf8 12.f3 c6 13.O-O-O Ne5 14.Rhe1 Nfd7 15.Bf1 Nc5
16.Be3 Ne6 17.h3 Nd7 18.Nb1 Nf6 19.Nc3 Nd7 20.Ne2 g6 21.Kb1 Nb6 22.Nc1 Nc5
23.Nb3 Nxb3 24.axb3 d5 25.Bxb6 axb6 26.exd5 Rxe1 27.Rxe1 cxd5 28.Rd1 Rd8
29.Bc4 d4 30.Re1 Kg7 31.g4 Rd7 32.Re8 Bc5 33.Bd3 h6 34.f4 Be7 35.f5 gxf5
36.Bxf5 Rc7 37.Rb8 b5 38.Kc1 b4 39.Ra8 b6 40.Rb8 Bc5 41.h4 Re7 42.Kd2 Re3
43.Rb7 Kf6 44.h5 Rg3 45.Rb8 Kg7 46.Rc8 Rf3 47.Rc6 Rg3 48.Ke2 Re3+ 49.Kf2 Be7
50.Rxb6 Bh4+ 51.Kf1 Re1+ 52.Kg2 Re2+ 53.Kh3 Be7 54.g5 Bxg5 55.Rxb4 Be3 56.Bd3 Re1
57.Rb7 Kf6 58.Bc4 Ke5 59.Rxf7 Rb1 60.Kg4 Rxb2 61.Rf5+ Kd6 62.Bd3 Rb1 63.Rf6+ Kc5
64.Kf5 Rg1 65.Ke6 Rg7 66.Rf8 Rc7 67.Rb8 Rc6+ 68.Ke5 Rb6 69.Rc8+ Kb4 70.Rc4+ Ka3
71.Ra4+ Kb2 72.b4 Bg1 73.b5 Rb8 74.Rb4+ Ka3 75.Rb1 Bh2+ 76.Kxd4 Rd8+ 77.Ke3 Rd6
78.c4 Be5 79.Be4 Bd4+ 80.Kd3 Bb6+ 81.Bd5 Rf6 82.Ra1+ Kb4 83.Ra6 Kc5 84.Ra8 Kd6
85.Ke4 Kc5 86.Rc8+ Kb4 87.Rg8 Rf1 88.Rg6 Re1+ 89.Kd3 Be3 90.b6 Bf4 91.b7 Re3+
92.Kc2 Re2+ 93.Kd1 Re8 94.Rc6 Rb8 95.Rc8 Ka5 96.Ke2 Kb6 97.Kf3 Be5 98.Ke4 Bh2
99.c5+ Ka7 100.Kd4 Bg3 101.Kc4 Bf4 102.Kb5 Bg3 103.c6 Bf4 104.c7 Rxb7+ 105.Bxb7 Kxb7
106.Rf8 Bxc7 107.Rf6  1-0

[Event "3rd Weekend"]
[Site "Novara ITA"]
[Date "2002.11.03"]
[Round "5"]
[White "Laketic,G"]
[Black "De Santis,A"]
[Result "1/2-1/2"]
[WhiteElo "2444"]
[BlackElo "2267"]

1.e4 d6 2.d4 Nf6 3.Nc3 c6 4.g3 e5 5.Bg2 Be7 6.Nge2 Nbd7 7.O-O h5 8.h3 Qc7
9.Bg5 Ng8 10.Be3 h4 11.f4 hxg3 12.Nxg3 Ndf6  1/2-1/2

[Event "3rd Weekend"]
[Site "Novara ITA"]
[Date "2002.11.03"]
[Round "6"]
[White "Aranovitch,E"]
[Black "De Santis,A"]
[Result "1-0"]
[WhiteElo "2192"]
[BlackElo "2267"]

1.e4 d6 2.d4 Nf6 3.Nc3 c6 4.f4 Qa5 5.Bd3 d5 6.e5 Ne4 7.Bxe4 dxe4 8.Qe2 Na6
9.Nh3 Bxh3 10.gxh3 O-O-O 11.Qxe4 e6 12.Kf1 f5 13.exf6 gxf6 14.Qxe6+ Rd7 15.Be3 Nc7
16.Qg4 Qb4 17.Rb1 Qc4+ 18.Kf2 Bb4 19.Qe2 Qe6 20.Qg4 f5 21.Qf3 Bxc3 22.bxc3 Qxa2
23.Rhc1 Qc4 24.Bd2 Nd5 25.Qd3 Qxd3 26.cxd3 Rg8 27.Rg1 Rdg7 28.Rg3 Ne7 29.Rbg1 Rg6
30.c4 Re8 31.Re1 Kd7 32.Re5 b6 33.Bb4 a5 34.Ba3 Re6 35.Rg7 Rxe5 36.fxe5 b5
37.cxb5 cxb5 38.d5 b4 39.Bc1 a4 40.d6 a3 41.Rxe7+ Rxe7 42.dxe7 Kxe7 43.Kf3 Ke6
44.Kf4 h5 45.h4 Kd5 46.Kxf5 Kd4 47.e6 Kxd3 48.e7 Kc2 49.e8=Q a2 50.Qe2+  1-0

[Event "Olympiad w"]
[Site "Bled SLO"]
[Date "2002.11.04"]
[Round "9"]
[White "Kosteniuk,A"]
[Black "Voiska,M"]
[Result "1/2-1/2"]
[WhiteElo "2455"]
[BlackElo "2354"]

1.e4 d6 2.d4 Nf6 3.Nc3 e5 4.Nge2 Nbd7 5.g3 Be7 6.Bg2 O-O 7.h3 c6 8.a4 b6
9.O-O Bb7 10.Be3 Re8 11.d5 cxd5 12.exd5 Bf8 13.g4 h6 14.Ng3 a6 15.Nf5 Qc7
16.Qd2 Rac8 17.Kh2 Qd8 18.Rg1 Nh7 19.Be4 Ng5 20.Bh1 e4 21.Rg3 Ne5 22.Bxg5 hxg5
23.Nxe4 Nc4 24.Qd4 Re5 25.b3 Bxd5 26.Nxg5 Bxh1 27.Kxh1 Qxg5 28.f4 Qf6 29.fxe5 dxe5
30.Qe4 Nd2 31.Qd5 Rd8 32.Qg2 e4 33.Rd1 Nf3 34.Rxd8 Qxd8 35.Qe2 g6 36.Ne3 Qf6
37.Kg2 Nh4+ 38.Kh1 Nf3 39.g5 Qe5 40.Nf1 Bd6 41.Rg4 Nxg5 42.Kg2 Ne6 43.Qxe4 Nf4+
44.Rxf4 Qxf4 45.Qxf4 Bxf4 46.Kf3 g5 47.Ke4 b5 48.axb5 axb5 49.Kd5 Kf8 50.Kc6 b4
51.Kc5 f5 52.Kxb4 g4 53.hxg4 fxg4 54.Kc5 Ke7 55.Kd5 g3 56.Nxg3 Bxg3 57.Kc6 Be1
58.c4 Kd8 59.Kb7 Bb4 60.Kb6 Ba3 61.c5  1/2-1/2

[Event "Olympiad"]
[Site "Bled SLO"]
[Date "2002.11.05"]
[Round "10"]
[White "Ostos,J"]
[Black "Sarsam,S"]
[Result "1-0"]
[WhiteElo "2328"]
[BlackElo "2409"]

1.e4 d6 2.d4 Nf6 3.Nc3 e5 4.dxe5 dxe5 5.Qxd8+ Kxd8 6.Nf3 Bd6 7.Bc4 Be6 8.Bxe6 fxe6
9.Bg5 Ke7 10.O-O-O Nd7 11.Rd2 a6 12.Rhd1 b5 13.a3 Rab8 14.Nxe5 a5 15.f3 Nb6
16.Nxb5 Nc4 17.a4 Nxd2 18.Bxd2 Ra8 19.Nd3 h6 20.c4 Nd7 21.Be3 Bb4 22.Nxb4 axb4
23.b3 c5 24.Rd2 Rhc8 25.Re2 Rc6 26.h4 Nf6 27.g4 h5 28.g5 Nd7 29.g6 Nf6 30.Bg5 Ke8
31.Nd6+ Ke7 32.Nf7 Rc7 33.Ne5 Rd8 34.Bxf6+ gxf6 35.Nc6+  1-0

[Event "Olympiad"]
[Site "Bled SLO"]
[Date "2002.11.05"]
[Round "10"]
[White "Odeev,H"]
[Black "Papatryfonos,C"]
[Result "1-0"]
[WhiteElo "2461"]
[BlackElo "2040"]

1.e4 d6 2.d4 Nf6 3.Nc3 c6 4.Nf3 Qa5 5.Bd3 e5 6.h3 Be7 7.O-O Nbd7 8.Re1 O-O
9.Be3 Qc7 10.Qd2 Re8 11.Ne2 Bf8 12.Ng3 exd4 13.Bxd4 Ne5 14.Be2 Nxf3+ 15.Bxf3 Nd7
16.Rad1 Ne5 17.Be2 Ng6 18.Bf1 Bd7 19.Nh5 Rad8 20.Qc3 f6 21.Bxf6 gxf6 22.Nxf6+ Kf7
23.Bc4+ Be6 24.Nxh7 Qe7 25.Bxe6+ Kxe6 26.Qb3+ Kd7 27.Qxb7+ Ke6 28.Qb3+ Kd7
29.Qb7+ Ke6 30.Nxf8+ Rxf8 31.Qxc6 Ne5 32.Qd5+ Kd7 33.Qb7+ Ke8 34.Qxe7+ Kxe7
35.b3 Rc8 36.c4 Rf4 37.Rd5 Rg8 38.Kf1 Rgf8 39.Re2 Nd7 40.Ra5 Ra8 41.g3 Rf3
42.Kg2 Rd3 43.Rd5 Rc3 44.Red2 Nf6 45.Ra5 Nd7 46.Rad5 Nf6 47.Rxd6 Nxe4 48.R6d3 a5
49.Rxc3 Nxd2 50.Rd3 Nb1 51.f4 a4 52.Kf3 Na3 53.g4 Nc2 54.Rd2 Nb4 55.a3 Nc6
56.b4 Rd8 57.Ke3 Rh8 58.Rh2 Rd8 59.h4 Rd1 60.h5 Kf7 61.h6 Kg8 62.g5 Ne7 63.Ke4 Re1+
64.Kd4 Rf1 65.Ke5 Ng6+ 66.Kf6 Nxf4 67.g6 Rg1 68.g7 Kh7 69.Kf7 Rg5 70.c5 Nd3
71.Re2 Rf5+ 72.Ke7 Nxc5 73.Rg2 Kg8 74.h7+  1-0

[Event "Olympiad w"]
[Site "Bled SLO"]
[Date "2002.11.05"]
[Round "10"]
[White "Hernandez,Ya"]
[Black "Agrest,S"]
[Result "1/2-1/2"]
[WhiteElo "2234"]
[BlackElo "2232"]

1.e4 d6 2.d4 Nf6 3.Nc3 e5 4.Nf3 Nbd7 5.Bc4 Be7 6.O-O O-O 7.Re1 c6 8.a4 b6
9.b3 a6 10.Bb2 Bb7 11.Bd3 Re8 12.Ne2 d5 13.dxe5 Nxe4 14.Ng3 Nxg3 15.hxg3 Nc5
16.Qd2 Nxd3 17.cxd3 c5 18.d4 c4 19.b4 Bc8 20.Bc3 Bf5 21.Nh2 Qd7 22.Nf1 h5
23.Qe2 g6 24.Ne3 Bd3 25.Qf3 Be4 26.Qd1 b5 27.g4 hxg4 28.Qxg4 Qxg4 29.Nxg4 Kg7
30.Ne3 Bg5 31.Ra2 Bxe3 32.Rxe3 Bb1 33.Rb2  1/2-1/2

[Event "Olympiad"]
[Site "Bled SLO"]
[Date "2002.11.06"]
[Round "11"]
[White "Acs,P"]
[Black "Conquest,S"]
[Result "1-0"]
[WhiteElo "2591"]
[BlackElo "2537"]

1.e4 d6 2.d4 Nf6 3.Nc3 e5 4.Nf3 Nbd7 5.Bc4 Be7 6.O-O O-O 7.Re1 c6 8.a4 b6
9.d5 cxd5 10.Bxd5 Nxd5 11.Nxd5 Nf6 12.Nxf6+ Bxf6 13.c4 Be7 14.b3 Bb7 15.Qd3 f5
16.exf5 Bf6 17.Rb1 e4 18.Rxe4 Bxe4 19.Qxe4 Qe7 20.Qd3 Rfe8 21.Ba3 Rad8 22.Kf1 Qb7
23.Rd1 Re4 24.Qd5+ Qxd5 25.Rxd5 h5 26.Bxd6 Bc3 27.g3 Bb4 28.Bc7 Rxd5 29.cxd5 Kf8
30.d6 Ke8 31.Ne5 Re1+ 32.Kg2 Bxd6 33.Bxd6 Rb1 34.Kh3 Rxb3 35.Kh4 Rb2 36.Kxh5 Rd2
37.Bb4 Re2 38.f4 a5 39.Ba3 Rxh2+ 40.Kg6 Rh3 41.Kxg7 Rxg3+ 42.Ng6  1-0

[Event "Olympiad"]
[Site "Bled SLO"]
[Date "2002.11.07"]
[Round "12"]
[White "Belli,M"]
[Black "Cueto Chajtur,J"]
[Result "1/2-1/2"]
[WhiteElo "2401"]
[BlackElo "2400"]

1.d4 d6 2.e4 Nf6 3.Nc3 c6 4.f4 Qa5 5.Bd3 Bg4 6.Nf3 e5 7.dxe5 dxe5 8.f5 Nbd7
9.h3 Bxf3 10.Qxf3 Nc5 11.Bd2 Nxd3+ 12.cxd3 Qb6 13.O-O-O O-O-O 14.Kb1 Ba3
15.Bc1 Bb4 16.Ne2 Rhe8 17.g4 Nd7 18.Be3 Bc5 19.Bd2 Ba3 20.Bc1 Bb4 21.Be3 Bc5
22.Bd2 Ba3  1/2-1/2

[Event "Olympiad"]
[Site "Bled SLO"]
[Date "2002.11.07"]
[Round "12"]
[White "Gluckman,D"]
[Black "Belkhodja,S"]
[Result "1/2-1/2"]
[WhiteElo "2384"]
[BlackElo "2497"]

1.d4 d6 2.e4 Nf6 3.Nc3 Nbd7 4.Nf3 e5 5.Bc4 Be7 6.O-O O-O 7.a4 c6 8.Re1 a5
9.h3 h6 10.Ba2 Re8 11.Be3 Bf8 12.Qd3 exd4 13.Nxd4 Nc5 14.Qc4 Qc7 15.f3 b6
16.Qf1 Kh8 17.Rad1 Be6 18.Nxe6 fxe6 19.Bxc5 bxc5 20.e5 dxe5 21.Bc4 Rad8 22.Rxd8 Rxd8
23.Ne4 Nd5 24.b3 Be7 25.Qf2 Qb6  1/2-1/2

[Event "Olympiad"]
[Site "Bled SLO"]
[Date "2002.11.07"]
[Round "12"]
[White "Gretarsson,H"]
[Black "Nevednichy,V"]
[Result "1/2-1/2"]
[WhiteElo "2508"]
[BlackElo "2555"]

1.d4 d6 2.e4 Nf6 3.Nc3 e5 4.Nf3 exd4 5.Nxd4 Be7 6.Be2 O-O 7.O-O Re8 8.f4 Bf8
9.Bf3 c5 10.Nb3 Nc6 11.Kh1 a5 12.a4 Be6 13.g4 h6 14.Nd5 Rc8 15.Nd2 Nd4 16.Nxf6+ Qxf6
17.Bg2 Qd8 18.Ra3 Bd7 19.Nb1 Bc6 20.Nc3 b5 21.Nd5 b4 22.Ra1 Bxd5 23.exd5 Qh4
24.Bd2 Re2 25.c3 Rxd2 26.Qxd2 Nb3 27.Qe1 Qxg4 28.Qd1 Qxd1 29.Raxd1 bxc3 30.bxc3 c4
31.Bh3 Rc7 32.Rfe1 Nc5 33.Rb1 Be7 34.Bf5 g6 35.Bc2 Bf6 36.Rb6 Rd7 37.Re3 Kg7
38.Kg2 Bd8 39.Rb5 Ra7 40.Kf3 h5 41.Ke2 Bf6 42.Rb8 Rc7 43.Kd2 g5 44.Rg3 g4
45.Rb6 Rd7 46.Rg1 Bh4 47.Rg2 Kf6 48.Rb8 Nb3+ 49.Kd1 Kg7 50.Bf5 Re7 51.Bxg4 Re1+
52.Kc2 hxg4 53.Rxg4+ Kf6 54.Rxh4 Re2+ 55.Kd1 Rd2+ 56.Ke1 Rxd5 57.Rh6+ Kg7
58.Rh3 Rf5 59.Rf3 Rh5 60.h3 Kf6 61.Ke2 Rd5 62.Ke1 Rh5 63.Rb5 Rh8 64.Re3 Rd8
65.h4 Rh8 66.h5 Nc5 67.Rxa5 Rxh5 68.Ra8 Rh2 69.Rd8 Kf5 70.Rxd6 Kxf4 71.Re2 Rh1+
72.Kf2 f5 73.Rd4+ Ne4+ 74.Kg2 Rh8 75.Rxc4 Rg8+ 76.Kf1 Kf3 77.Rcxe4 fxe4 78.Rh2 Ke3
79.a5 Kd3 80.a6 Rf8+ 81.Ke1 Rb8 82.Rd2+  1/2-1/2

[Event "Olympiad"]
[Site "Bled SLO"]
[Date "2002.11.07"]
[Round "12"]
[White "Tan Chor Chuan"]
[Black "Papatryfonos,C"]
[Result "0-1"]
[WhiteElo "2182"]
[BlackElo "2040"]

1.e4 d6 2.d4 Nf6 3.Nc3 c6 4.f4 Qa5 5.Bd3 e5 6.Nf3 Nbd7 7.Be3 Be7 8.O-O O-O
9.Ne2 Re8 10.Ng3 Ng4 11.Bd2 Qb6 12.h3 Ngf6 13.c3 exf4 14.Bxf4 Qxb2 15.Ng5 h6
16.Nxf7 Kxf7 17.Bc4+ Kf8 18.e5 d5 19.Bxh6 Qxc3 20.Qg4 gxh6 21.Nh5 Qe3+ 22.Rf2 Qxf2+  0-1

[Event "Olympiad"]
[Site "Bled SLO"]
[Date "2002.11.07"]
[Round "12"]
[White "Hossain,Enam"]
[Black "Sakalauskas,V"]
[Result "0-1"]
[WhiteElo "2396"]
[BlackElo "2450"]

1.e4 d6 2.d4 Nf6 3.Nc3 c6 4.f4 Qa5 5.Bd3 e5 6.Nf3 Nbd7 7.O-O Be7 8.Kh1 O-O
9.Qe1 Qc7 10.Be3 Re8 11.a4 Ng4 12.Bd2 exd4 13.Nxd4 Nc5 14.Qg3 Nxd3 15.cxd3 Qb6
16.Nce2 c5 17.a5 Qa6 18.Nc2 Bh4 19.Qxh4 Qxd3 20.Bc3 Qxc2 21.Rae1 Bd7 22.h3 d5
23.exd5 Rxe2 24.hxg4 Rxg2 25.f5 h6 26.Qh3 Re2 27.Rxe2 Qxe2 28.Re1 Qc4 29.Qf3 Re8
30.Rxe8+ Bxe8 31.Kh2 f6 32.Kg3 Kh7 33.Qe3 Bf7 34.d6 Qd5 35.Qe7 Qd3+ 36.Kf2 Bc4
37.Bxf6 Qf1+ 38.Kg3 Qg1+ 39.Kf3 Bd5+ 40.Ke2 Qxg4+ 41.Ke1 Qg1+ 42.Kd2 Qf2+
43.Kc3 Qf3+ 44.Kd2 Qf4+ 45.Kc3 Qg3+ 46.Kc2 Bb3+ 47.Kd2 Qf2+ 48.Qe2 Qxf5 49.Be5 Qc2+
50.Ke1 Qxe2+ 51.Kxe2 Be6 52.Ke3 g5 53.Ke4 Kg6 54.Bc3 h5 55.Ke5 Bd7 56.Be1 h4
57.Bf2 b6 58.axb6 axb6 59.Ke4 Kf6 60.Kf3 Ke5 61.Be3 g4+ 62.Kg2 Kxd6 63.Bg5 h3+
64.Kg3 Ke5  0-1

[Event "Olympiad"]
[Site "Bled SLO"]
[Date "2002.11.08"]
[Round "13"]
[White "Jose Queralto,D"]
[Black "Papatryfonos,C"]
[Result "1/2-1/2"]
[WhiteElo "2196"]
[BlackElo "2040"]

1.e4 d6 2.d4 Nf6 3.Nc3 c6 4.f3 Qb6 5.a3 e5 6.Be3 Be7 7.Qd2 c5 8.dxe5 dxe5
9.Bc4 O-O 10.Nge2 Be6 11.Nd5 Bxd5 12.exd5 Qxb2 13.O-O Qb6 14.a4 Qc7 15.a5 Ne8
16.Nc3 Nd6 17.Qe2 Nd7 18.Nb5 Nxb5 19.Bxb5 Bd6 20.Bxd7 Qxd7 21.Rfb1 Qc7 22.g3 b6
23.c4 Rfb8 24.a6 Rf8 25.Bd2 Rae8 26.Ra3 f5 27.Re1 Qd7 28.Ra2 e4 29.f4 Rb8
30.Rb1 Be7 31.Rb5 Bf6 32.Be3 Qd8 33.Qf2 g5 34.Rd2 g4 35.Rd1 Qc8 36.Qa2 Bc3
37.Kf2 Re8 38.Ke2 Qd8 39.Rb3 Qf6 40.Qc2 Bd4 41.Qd2 Bxe3 42.Kxe3 Red8 43.Qb2 Kf7
44.Qe5 Re8 45.Qc7+ Qe7 46.Qc6 Rbd8 47.Qa4 Rd6 48.Qa1 Rh6 49.Rd2 Qf6 50.Qa4 Rd8
51.Qa3 Rh3 52.Qb2 Qxb2 53.Rbxb2 h5 54.Rg2 h4 55.Rb1 Ke7 56.Kf2 Kd6 57.Ke3 Rh8
58.Rbg1 hxg3 59.hxg3 Rh1 60.Kf2 R8h2 61.Rxh1 Rxh1 62.Rg1 Rxg1 63.Kxg1 Kc7
64.Kf2 Kd6 65.Ke3 Kc7  1/2-1/2

[Event "Olympiad"]
[Site "Bled SLO"]
[Date "2002.11.08"]
[Round "13"]
[White "Brynell,S"]
[Black "Dizdarevic,E"]
[Result "1-0"]
[WhiteElo "2524"]
[BlackElo "2520"]

1.e4 d6 2.d4 Nf6 3.Nc3 e5 4.Nf3 Nbd7 5.Bc4 Be7 6.O-O O-O 7.Re1 c6 8.a4 Qc7
9.a5 exd4 10.Nxd4 Ne5 11.Bf1 Re8 12.h3 Bd7 13.Be3 b5 14.axb6 axb6 15.Rxa8 Rxa8
16.f4 Ng6 17.Qf3 Rb8 18.Bd3 b5 19.Nf5 Bf8 20.Bd4 b4 21.Bxf6 gxf6 22.Ne2 Bxf5
23.exf5 Ne7 24.Ng3 Kh8 25.Nh5 Qb6+ 26.Kh2 Qd4 27.b3 Ra8 28.Re4 Qc3 29.Qe2 Nd5
30.Rc4 Qa1 31.Rxc6 Qa5 32.Qg4 Re8 33.Qh4 Qa1 34.Ra6 Qd4 35.Bc4 Be7 36.Qg3 Rg8
37.Ra8  1-0

[Event "FSIM Nov"]
[Site "Budapest HUN"]
[Date "2002.11.09"]
[Round "8"]
[White "Timmermans,I"]
[Black "Bogza,A"]
[Result "0-1"]
[WhiteElo "2180"]
[BlackElo "2270"]

1.e4 d6 2.d4 Nf6 3.Nc3 Nbd7 4.f4 e5 5.Nf3 Be7 6.Be3 Ng4 7.Qd2 c6 8.O-O-O Nxe3
9.Qxe3 Qb6 10.Qd2 exd4 11.Nxd4 Nc5 12.Bc4 O-O 13.Rhe1 Qb4 14.Be2 Bf6 15.g3 Ne6
16.Nf5 d5 17.a3 Bxc3 18.axb4 Bxd2+ 19.Rxd2 dxe4 20.Bc4 b5 21.Ne7+ Kh8 22.Bxe6 Bxe6
23.Rxe4 a5 24.Rd6 axb4 25.f5 Bc8 26.Nxc6 b3 27.g4 h5 28.cxb3 Bb7 29.Re7 Ra1+
30.Kc2 Bxc6 31.Rxc6 hxg4 32.Re4 Rg1 33.Kc3 Rc1+  0-1

[Event "Bundesliga 2002-3"]
[Site "Kreuzberg GER"]
[Date "2002.11.09"]
[Round "7"]
[White "Polzin,R"]
[Black "Maiwald,JU"]
[Result "1/2-1/2"]
[WhiteElo "2462"]
[BlackElo "2516"]

1.e4 d6 2.d4 Nf6 3.Nc3 e5 4.Nf3 Nbd7 5.Bc4 Be7 6.O-O O-O 7.Re1 c6 8.a4 a5
9.h3 exd4 10.Nxd4 Nc5 11.Qf3 Be6 12.Bf1 Qb6 13.Nf5 Bxf5 14.exf5 Rae8 15.Bf4 d5
16.b3 Nce4 17.Be3 Bc5 18.Nxe4 Rxe4 19.Bd3 Bxe3 20.Rxe3 Rxe3 21.Qxe3 Qxe3
22.fxe3 Re8 23.Kf2 Kf8 24.c3 Ke7 25.c4 Ra8 26.Bc2 Kd6 27.Kf3 Ke5 28.g4 Ne8
29.e4 Nf6 30.Re1 dxe4+ 31.Bxe4 Kd6 32.Rd1+ Ke5 33.Re1 Kd6 34.Rd1+ Ke5 35.Re1  1/2-1/2

[Event "Olympiad w"]
[Site "Bled SLO"]
[Date "2002.11.10"]
[Round "14"]
[White "Starr,N"]
[Black "Mira,H"]
[Result "1-0"]
[WhiteElo "2207"]
[BlackElo "2129"]

1.e4 d6 2.d4 Nf6 3.Nc3 c6 4.f4 Qa5 5.Bd3 e5 6.Nf3 Bg4 7.dxe5 dxe5 8.O-O Nbd7
9.h3 Bxf3 10.Qxf3 exf4 11.Bxf4 Ne5 12.Qe2 Nfd7 13.a3 Qb6+ 14.Be3 Bc5 15.Nd1 a5
16.Kh1 Qd8 17.Bc4 Qh4 18.Bxc5 Nxc5 19.Nf2 O-O 20.b4 axb4 21.axb4 Na4 22.Bb3 Nc3
23.Qe3 Rxa1 24.Rxa1 Nb5 25.Rd1 Qe7 26.Qd2 Na3 27.Qd4 Nb5 28.Qd2 g6 29.c4 Na3
30.Qc3 b5 31.cxb5 cxb5 32.Rd5 Re8 33.Ba2 Nac4 34.Rxb5 Qa7 35.Bxc4 Nxc4 36.Ng4 Rc8
37.Nh6+ Kf8 38.Qh8+ Ke7 39.Qxc8 Nd6 40.Ng8+  1-0

[Event "Bundesliga 2002-3"]
[Site "Kreuzberg GER"]
[Date "2002.11.16"]
[Round "3"]
[White "Emms,J"]
[Black "Maiwald,JU"]
[Result "1/2-1/2"]
[WhiteElo "2520"]
[BlackElo "2516"]

1.e4 d6 2.d4 Nf6 3.Nc3 e5 4.Nf3 Nbd7 5.Bc4 Be7 6.O-O O-O 7.a4 c6 8.Re1 a5
9.h3 Nb6 10.Bb3 Nfd7 11.Be3 exd4 12.Bxd4 Nc5 13.Bxc5 dxc5 14.Qe2 Qd6 15.Rad1 Qh6
16.Nd2 Be6  1/2-1/2